000 00948nam a2200193 i 4500
001 167426
003 ES-MaACL
005 20250622053048.0
008 990311s1885 sp |||| | spa d
100 1 _aVida Vilches, Jerónimo,
_d1858-1915
_9114411
245 1 3 _aLa familia como célula social
_b: memoria leída en el Ateneo de Madrid /
_cpor Jerónimo Vida, secretario primero de la Sección de Ciencias Morales y Políticas.
260 _aMadrid :
_b[s.n.],
_c1885 (
_fEst. Tip. de El Correo, a cargo de F. Fernández)
300 _a40 p. ;
_c25 cm.
610 2 4 _aAteneo de Madrid.
_bSección de Ciencias Morales y Políticas-
_vMemorias.
_91986
650 4 _aFamilias.
_9153905
710 2 _aAteneo de Madrid.
_bSección de Ciencias Morales y Políticas
_91985
852 _aES-MaACL
_jT-439-F-5
_z- Enc. hol., falto de la enc. original
_z- Enc. en un vol. facticio
_z. - Dedicatoria autógrafa del autor
999 _c167426
_d167426